Państwa w Strefie Schengen! - Statystyki

Ogólne statystyki
  • Ten quiz został rozwiązany 252 razy
  • Średni wynik to 22 z 26
Statystyki odpowiedzi
Państwo % Poprawnych
Polska
95%
Niemcy
94%
Czechy
93%
Francja
91%
Hiszpania
91%
Litwa
91%
Belgia
90%
Łotwa
90%
Portugalia
90%
Słowacja
90%
Szwecja
90%
Estonia
89%
Finlandia
88%
Włochy
88%
Holandia
87%
Dania
86%
Norwegia
85%
Austria
84%
Luksemburg
83%
Słowenia
83%
Szwajcaria
79%
Grecja
76%
Węgry
76%
Liechtenstein
67%
Malta
54%
Islandia
49%
Nie znaleziono quizów pasujących do podanych kryteriów
Rozkład punktacji
Procent ludzi z każdym wynikiem
Percentyl według liczby udzielonych odpowiedzi
Twoja historia wyników
Nie rozwiązałeś tego quizu